[Event "3rd Danzhou GM"]
[Site "Danzhou CHN"]
[Date "2012.06.02"]
[Round "5"]
[White "Zhou, Weiqi"]
[Black "Wen, Yang"]
[Result "0-1"]
[WhiteTitle "GM"]
[BlackTitle "GM"]
[WhiteElo "2624"]
[BlackElo "2550"]
[WhiteFideId "8601674"]
[BlackFideId "8602956"]
[EventDate "2012.05.29"]

1. Nf3 Nf6 2. c4 g6 3. d4 Bg7 4. g3 O-O 5. Bg2 d6 6. O-O Nc6 7. d5 Na5 8. Qa4 c5
9. Bd2 b6 10. Bc3 e5 11. dxe6 Bxe6 12. Na3 d5 13. cxd5 Nxd5 14. Bxg7 Kxg7 15.
Rfd1 Qf6 16. e4 Nb4 17. e5 Qe7 18. Nc2 Nxc2 19. Qxc2 Rad8 20. Qc3 Rxd1+ 21. Rxd1
Rd8 22. Rd6 Nc4 23. Rxd8 Qxd8 24. h4 Qd1+ 25. Kh2 Qe2 26. b3 Nb2 27. Ng5 Qxf2
28. Nxe6+ fxe6 29. Qc1 Nd3 30. Qg5 Qf5 31. Qe7+ Qf7 32. Qd6 Nf2 33. a4 Ng4+ 34.
Kh1 Qf5 35. Qd7+ Kh6 36. Qd2+ Kh5 37. Qd1 Qxe5 38. Qf3 Qe1+ 39. Bf1 Qe4 40. Be2
Kh6 41. Kg2 Nf6 42. Kf2 Kg7 43. g4 Qd4+ 44. Kg2 Nd5 45. Bc4 Nf4+ 46. Kg3 Nd5 47.
g5 Qe5+ 48. Kg2 h6 49. gxh6+ Kxh6 50. Qf8+ Kh5 51. Kf2 Qd4+ 52. Ke2 Kg4 0-1

[Event "3rd Danzhou GM"]
[Site "Danzhou CHN"]
[Date "2012.06.02"]
[Round "5"]
[White "Bu, Xiangzhi"]
[Black "Ding, Liren"]
[Result "1-0"]
[WhiteTitle "GM"]
[BlackTitle "GM"]
[WhiteElo "2656"]
[BlackElo "2679"]
[WhiteFideId "8601445"]
[BlackFideId "8603677"]
[EventDate "2012.05.29"]

1. Nf3 Nf6 2. b3 d5 3. Bb2 Bg4 4. e3 Nbd7 5. Be2 e6 6. h3 Bxf3 7. Bxf3 Bd6 8.
O-O c6 9. c4 O-O 10. d4 e5 11. cxd5 cxd5 12. dxe5 Bxe5 13. Nc3 Rc8 14. Rc1 Re8
15. Qd2 Nb6 16. Rfd1 Rc6 17. a4 a5 18. Ba3 g6 19. Nxd5 Nbxd5 20. Bxd5 Rxc1 21.
Qxc1 Nxd5 22. Qc4 Qc7 23. Rxd5 Qxc4 24. bxc4 Bc3 25. Rd3 Ba1 26. Rd1 Bc3 27. Rc1
Bd2 28. Rb1 Re4 29. Rxb7 Rxc4 30. Rb8+ Kg7 31. Bb2+ Kh6 32. Rb7 f5 33. Bf6 Rc6
34. Bd8 Rc8 35. Rd7 Rc2 36. h4 1-0

[Event "3rd Danzhou GM"]
[Site "Danzhou CHN"]
[Date "2012.06.02"]
[Round "5"]
[White "Hou, Yifan"]
[Black "Yu, Yangyi"]
[Result "1/2-1/2"]
[WhiteTitle "GM"]
[BlackTitle "GM"]
[WhiteElo "2623"]
[BlackElo "2626"]
[WhiteFideId "8602980"]
[BlackFideId "8603820"]
[EventDate "2012.05.29"]

1. e4 c5 2. Nf3 Nc6 3. Nc3 g6 4. d4 cxd4 5. Nxd4 Bg7 6. Be3 Nf6 7. Bc4 O-O 8.
Bb3 a5 9. O-O d6 10. h3 Bd7 11. a4 Nxd4 12. Bxd4 Bc6 13. Qd3 Nd7 14. Bxg7 Kxg7
15. Qd4+ Kg8 16. Rad1 Qb6 17. Nd5 Bxd5 18. exd5 Qxd4 19. Rxd4 Nc5 20. Re1 Nxb3
21. cxb3 Rfe8 22. b4 Kf8 23. Rc4 axb4 24. Rxb4 b5 25. axb5 Reb8 26. Rc1 Ke8 27.
b6 Ra5 28. Rc7 Rxd5 29. b7 Rc5 30. Rxc5 dxc5 31. Rb5 c4 32. Rb4 Kd7 33. Kf1 Kd6
34. Rxc4 Rxb7 35. b4 Kd5 36. Rc5+ Kd4 37. Ke2 e5 38. g4 h6 39. Rc6 Rxb4 40. Rf6
Rb7 41. h4 e4 42. g5 h5 43. Rd6+ Ke5 44. Rf6 Rb2+ 45. Kf1 Rb3 46. Rxf7 Rf3 47.
Rg7 e3 48. Rxg6 Rxf2+ 49. Ke1 Rh2 50. Rg8 Rxh4 1/2-1/2

[Event "3rd Danzhou GM"]
[Site "Danzhou CHN"]
[Date "2012.06.02"]
[Round "5"]
[White "Zhao, Jun"]
[Black "Zhou, Jianchao"]
[Result "1-0"]
[WhiteTitle "GM"]
[BlackTitle "GM"]
[WhiteElo "2577"]
[BlackElo "2609"]
[WhiteFideId "8602522"]
[BlackFideId "8603537"]
[EventDate "2012.05.29"]

1. e4 c5 2. Nf3 d6 3. d4 cxd4 4. Nxd4 Nf6 5. Nc3 a6 6. Bg5 Nbd7 7. Qe2 e6 8. f4
Qc7 9. O-O-O b5 10. a3 Be7 11. g4 Bb7 12. Bh4 h6 13. Rg1 g5 14. fxg5 hxg5 15.
Bxg5 Nc5 16. h4 Nfxe4 17. Nxe4 Nxe4 18. Bxe7 Qxe7 19. Bg2 d5 20. Bxe4 dxe4 21.
Nxb5 axb5 22. Qxb5+ Kf8 23. Rd7 Ba6 24. Qe5 Qxh4 25. g5 Qh2 26. Qc5+ Kg8 27. g6
f6 28. Qb6 1-0

[Event "3rd Danzhou GM"]
[Site "Danzhou CHN"]
[Date "2012.06.04"]
[Round "6"]
[White "Wang, Yue"]
[Black "Zhou, Jianchao"]
[Result "1/2-1/2"]
[WhiteTitle "GM"]
[BlackTitle "GM"]
[WhiteElo "2690"]
[BlackElo "2609"]
[WhiteFideId "8601429"]
[BlackFideId "8603537"]
[EventDate "2012.05.29"]

1. c4 Nf6 2. Nc3 d5 3. cxd5 Nxd5 4. g3 c5 5. Bg2 Nc7 6. Nf3 Nc6 7. a3 g6 8. d3
Bg7 9. Be3 Ne6 10. O-O Bd7 11. Rb1 b6 12. Qd2 Rc8 13. Bh6 Ncd4 14. Nxd4 cxd4 15.
Nd5 O-O 16. Rfc1 Re8 17. Bxg7 Kxg7 18. Qb4 Rc6 19. Rxc6 Bxc6 20. Qc4 Qd6 21. Rc1
Bb7 22. Nc7 Rc8 23. Ne8+ Rxe8 24. Bxb7 Rd8 25. Bc8 Nc5 26. Bh3 a5 27. b3 Nd7 28.
b4 axb4 29. axb4 Ne5 30. Qb5 g5 31. Bg2 h6 32. h3 e6 33. Be4 Rd7 34. Rc8 Rc7 35.
Ra8 Nd7 36. Kg2 Nf6 37. Bf3 Rc1 38. Ra6 Nd7 39. Ra7 Rc7 40. Ra8 Nf6 41. Qa4 Rc1
42. Ra7 Rc7 43. Ra8 Rc1 44. Ra7 Rc7 45. Ra6 Rc1 46. Qb5 Nd7 47. Ra7 Rc7 48. Ra1
Nf6 49. Qa4 Nd7 50. Qa8 Qf8 51. Qa4 Qd6 52. b5 Rc5 53. Qa8 Ne5 54. Be4 Rxb5 55.
Qe8 Ra5 56. Rb1 Qc7 57. f4 Qc2 58. Rf1 gxf4 59. gxf4 Nc4 60. Kh1 Nd6 61. Qd8
Nxe4 62. Qxd4+ Kh7 63. Qxe4+ Rf5 64. Rg1 Qc8 65. Kh2 Qd8 66. Qg2 Qf8 67. e3 b5
68. d4 b4 69. Qb7 Ra5 70. Rg2 Ra8 71. Qe4+ Kh8 72. Qe5+ Kh7 73. Qe4+ Kh8 74.
Qe5+ Kh7 75. d5 exd5 76. Qxd5 Rb8 77. Qf5+ Kh8 78. Qf6+ Kh7 79. Qf5+ Kh8 80.
Qf6+ Kh7 81. Qf5+ 1/2-1/2

[Event "3rd Danzhou GM"]
[Site "Danzhou CHN"]
[Date "2012.06.04"]
[Round "6"]
[White "Yu, Yangyi"]
[Black "Zhao, Jun"]
[Result "1/2-1/2"]
[WhiteTitle "GM"]
[BlackTitle "GM"]
[WhiteElo "2626"]
[BlackElo "2577"]
[WhiteFideId "8603820"]
[BlackFideId "8602522"]
[EventDate "2012.05.29"]

1. e4 c5 2. Nf3 d6 3. d4 cxd4 4. Nxd4 Nf6 5. Nc3 g6 6. Be3 Bg7 7. Be2 O-O 8. Qd2
Nc6 9. O-O-O Bd7 10. h4 h5 11. f3 Rc8 12. Nxc6 Bxc6 13. Kb1 Re8 14. Nb5 a6 15.
Nd4 Bd7 16. Bd3 Qc7 17. c4 e6 18. Rc1 Qb8 19. Bh6 Bh8 20. g4 d5 21. exd5 exd5
22. Nf5 gxf5 23. Qg5+ Kh7 24. Bxf5+ Bxf5+ 25. Qxf5+ Kxh6 26. g5+ Kg7 27. gxf6+
Kf8 28. Qg5 Bxf6 29. Qxf6 Re6 30. Qh8+ Ke7 31. Qxh5 dxc4 32. Qg5+ Kf8 33. Rhg1
Rg6 34. Qf5 Rxg1 35. Rxg1 Rc6 36. Qg5 Rg6 37. Qc5+ Qd6 38. Rg5 Qxc5 39. Rxc5 b5
40. a4 Rf6 41. axb5 axb5 42. Rxb5 Rxf3 43. Rc5 Rf4 44. h5 1/2-1/2

[Event "3rd Danzhou GM"]
[Site "Danzhou CHN"]
[Date "2012.06.04"]
[Round "6"]
[White "Ding, Liren"]
[Black "Hou, Yifan"]
[Result "1-0"]
[WhiteTitle "GM"]
[BlackTitle "GM"]
[WhiteElo "2679"]
[BlackElo "2623"]
[WhiteFideId "8603677"]
[BlackFideId "8602980"]
[EventDate "2012.05.29"]

1. Nf3 Nf6 2. c4 e6 3. Nc3 d5 4. d4 Bb4 5. cxd5 exd5 6. Bg5 Nbd7 7. e3 c5 8. Be2
Qa5 9. O-O Bxc3 10. bxc3 c4 11. Qc2 Ne4 12. Rac1 Nb6 13. Bf4 O-O 14. Ne5 Re8 15.
f3 Nd6 16. e4 Be6 17. Ng4 Nb5 18. Ne3 Rad8 19. Bg3 Qa3 20. Qd2 f6 21. e5 fxe5
22. Bxe5 Nd7 23. f4 Nxe5 24. fxe5 Rf8 25. Rxf8+ Rxf8 26. Bf3 Nc7 27. Rb1 b5 28.
Qb2 Qxb2 29. Rxb2 a5 30. a4 Rb8 31. axb5 Rxb5 32. Ra2 Kf8 33. Kf2 Ke7 34. Ke1
Na8 35. Nxc4 dxc4 36. Bxa8 Kd7 37. Be4 g6 38. Kd2 Bf5 39. Bxf5+ gxf5 40. Kc2 Kc6
41. Rb2 Rd5 42. Rb8 a4 43. Ra8 Rb5 44. Rxa4 Kd5 45. Ra6 Rb7 46. Rd6+ Ke4 47. e6
Rg7 48. g3 f4 49. Rd7 Rg8 50. e7 1-0

[Event "3rd Danzhou GM"]
[Site "Danzhou CHN"]
[Date "2012.06.04"]
[Round "6"]
[White "Wen, Yang"]
[Black "Bu, Xiangzhi"]
[Result "1/2-1/2"]
[WhiteTitle "GM"]
[BlackTitle "GM"]
[WhiteElo "2550"]
[BlackElo "2656"]
[WhiteFideId "8602956"]
[BlackFideId "8601445"]
[EventDate "2012.05.29"]

1. d4 d5 2. c4 c6 3. Nc3 Nf6 4. e3 e6 5. Nf3 a6 6. b3 Bb4 7. Bd2 O-O 8. g3 c5 9.
Bg2 Nc6 10. a3 Bxc3 11. Bxc3 Ne4 12. Bb2 Qa5+ 13. Ke2 Rd8 14. Re1 dxc4 15. bxc4
cxd4 16. exd4 Nc3+ 17. Bxc3 Qxc3 18. Qd3 Qxd3+ 19. Kxd3 b5 20. Ne5 Nxe5+ 21.
Rxe5 bxc4+ 22. Kxc4 Rb8 23. Kc3 Bb7 24. Bxb7 Rxb7 25. Rc5 g6 26. Rc1 Kg7 27. Kd3
Rb3+ 28. R1c3 Rb2 29. Rc2 Rb3+ 30. R2c3 Rb2 31. Rc2 Rb3+ 32. R2c3 1/2-1/2

[Event "3rd Danzhou GM"]
[Site "Danzhou CHN"]
[Date "2012.06.04"]
[Round "6"]
[White "Ni, Hua"]
[Black "Zhou, Weiqi"]
[Result "1-0"]
[WhiteTitle "GM"]
[BlackTitle "GM"]
[WhiteElo "2673"]
[BlackElo "2624"]
[WhiteFideId "8601160"]
[BlackFideId "8601674"]
[EventDate "2012.05.29"]

1. e4 e6 2. d4 d5 3. e5 c5 4. c3 Bd7 5. Nf3 Qb6 6. Bd3 cxd4 7. Nxd4 Bc5 8. O-O
Bxd4 9. cxd4 Qxd4 10. Nc3 Qh4 11. g3 Qd8 12. Qg4 Kf8 13. Be3 Ne7 14. Bc5 Nc6 15.
Bd6 Kg8 16. b4 h5 17. Qf4 Ng6 18. Bxg6 fxg6 19. Ne2 g5 20. Qd2 a6 21. Rac1 g4
22. a4 Qe8 23. b5 axb5 24. axb5 Na5 25. Rc7 Nc4 26. Qg5 Qd8 27. Qxd8+ Rxd8 28.
Be7 Kf7 29. Bxd8 Rxd8 30. Rxb7 Nxe5 31. Nd4 Nf3+ 32. Nxf3 gxf3 33. b6 Ke7 34.
Rb1 Kd6 35. Ra7 g5 36. b7 Rb8 37. Ra8 Kc7 38. Rxb8 Kxb8 39. Kf1 e5 40. Rb6 d4
41. Ke1 h4 42. gxh4 gxh4 43. Rd6 1-0

[Event "3rd Danzhou GM"]
[Site "Danzhou CHN"]
[Date "2012.06.05"]
[Round "7"]
[White "Zhou, Weiqi"]
[Black "Wang, Yue"]
[Result "1-0"]
[WhiteTitle "GM"]
[BlackTitle "GM"]
[WhiteElo "2624"]
[BlackElo "2690"]
[WhiteFideId "8601674"]
[BlackFideId "8601429"]
[EventDate "2012.05.29"]

1. d4 d5 2. c4 c6 3. Nc3 Nf6 4. e3 g6 5. Nf3 Bg7 6. Bd3 O-O 7. O-O Bg4 8. h3
Bxf3 9. Qxf3 e6 10. Qe2 Nbd7 11. Rd1 Qe7 12. Bd2 Rfe8 13. Be1 a6 14. Rac1 Rac8
15. a3 h5 16. b4 Bf8 17. f4 Nh7 18. g4 hxg4 19. hxg4 Bg7 20. Qf3 Rcd8 21. Rc2 e5
22. dxe5 Nxe5 23. fxe5 Ng5 24. Qg2 Qxe5 25. cxd5 Qxe3+ 26. Bf2 Nh3+ 27. Kf1 Nxf2
28. Qxf2 Qh3+ 29. Qg2 Qh4 30. Be4 Qf6+ 31. Qf3 Qe7 32. Re2 Qh4 33. dxc6 Bxc3 34.
Rxd8 Rxd8 35. Qxc3 bxc6 36. Bf3 Qg3 37. Rg2 Qf4 38. Rf2 Qg3 39. Qxc6 Qh3+ 40.
Ke1 Qg3 41. Kf1 Qh3+ 42. Ke2 Qg3 43. Qe4 Qg1 44. Rf1 Qh2+ 45. Bg2 Qg3 46. Rd1
Rc8 47. Qf3 Qe5+ 48. Kf1 Rc3 49. Qa8+ Kg7 50. Qe4 Qf6+ 51. Kg1 Rxa3 52. Rf1 Ra1
53. Rxa1 Qxa1+ 54. Bf1 a5 55. b5 a4 56. b6 a3 57. b7 Qb2 58. Bc4 Qc1+ 59. Kg2
Qb2+ 60. Kf1 Qc1+ 61. Ke2 Qb2+ 62. Kf3 Qc3+ 63. Kf2 Qb2+ 64. Kg3 g5 65. Qf3 f5
66. gxf5 Qe5+ 67. Kh3 Qb2 68. f6+ Kf8 69. b8=R+ 1-0

[Event "3rd Danzhou GM"]
[Site "Danzhou CHN"]
[Date "2012.06.05"]
[Round "7"]
[White "Bu, Xiangzhi"]
[Black "Ni, Hua"]
[Result "1/2-1/2"]
[WhiteTitle "GM"]
[BlackTitle "GM"]
[WhiteElo "2656"]
[BlackElo "2673"]
[WhiteFideId "8601445"]
[BlackFideId "8601160"]
[EventDate "2012.05.29"]

1. c4 c6 2. Nc3 d5 3. d4 Nf6 4. Nf3 dxc4 5. a4 Bf5 6. Ne5 Nbd7 7. Nxc4 Qc7 8. g3
e5 9. dxe5 Nxe5 10. Bf4 Nfd7 11. Qc1 f6 12. Bg2 Be6 13. Nxe5 fxe5 14. Be3 Nc5
15. Bxc5 Bxc5 16. O-O O-O 17. Ne4 Be7 18. Ng5 Bxg5 19. Qxg5 Rad8 20. Rfd1 Rd4
21. Rxd4 exd4 22. Be4 Qd6 23. Qh5 g6 24. Bxg6 hxg6 25. Qxg6+ Kh8 26. Qh6+ Kg8
27. Qg6+ Kh8 28. Qh6+ Kg8 29. Qg6+ 1/2-1/2

[Event "3rd Danzhou GM"]
[Site "Danzhou CHN"]
[Date "2012.06.05"]
[Round "7"]
[White "Hou, Yifan"]
[Black "Wen, Yang"]
[Result "1/2-1/2"]
[WhiteTitle "GM"]
[BlackTitle "GM"]
[WhiteElo "2623"]
[BlackElo "2550"]
[WhiteFideId "8602980"]
[BlackFideId "8602956"]
[EventDate "2012.05.29"]

1. e4 e5 2. Nf3 Nc6 3. Bb5 a6 4. Ba4 Nf6 5. O-O d6 6. Re1 Bd7 7. c3 g6 8. d4 b5
9. Bb3 Bg7 10. h3 O-O 11. Nbd2 h6 12. Nf1 Re8 13. Ng3 Rb8 14. Be3 Na5 15. dxe5
dxe5 16. Qc1 h5 17. Bh6 Qe7 18. Bxg7 Kxg7 19. Qg5 Kh7 20. Rad1 Nxb3 21. axb3 Rb6
22. b4 Rd6 23. Qe3 Bc6 24. Rd2 Rxd2 25. Nxd2 Qe6 26. Nf3 Qd6 27. Re2 Qe7 28. Rd2
Nd7 29. Rd1 Nf8 30. Ra1 Ra8 31. Ne1 Ne6 32. Nd3 f6 33. Ne2 Qd6 34. f3 Be8 35.
Rd1 Rd8 36. Kf1 Qe7 37. Ke1 Kg7 38. Nec1 Bf7 39. Rd2 a5 40. bxa5 Ra8 41. b4 c5
42. Nxc5 Nxc5 43. Qxc5 Qxc5 44. bxc5 Rxa5 45. c6 Ra1 46. Rd1 Ra3 47. Ne2 Be6 48.
Rb1 Ra6 49. Rxb5 Rxc6 50. Rb7+ Kh6 51. h4 g5 52. hxg5+ Kxg5 53. Rb2 h4 54. Kf2
Bc4 55. Ng1 Be6 56. Rc2 Bb3 57. Rc1 Bc4 58. Nh3+ Kg6 59. Kg1 Be6 60. Nf2 Kg5 61.
Nd3 Rd6 62. Nf2 Rc6 63. Nd3 Rd6 64. Nb4 Rd2 65. Rc2 Rd1+ 66. Kf2 Bc4 67. Ke3
Re1+ 68. Kd2 Rg1 69. Ke3 Re1+ 70. Kd2 Rg1 71. Ke3 1/2-1/2

[Event "3rd Danzhou GM"]
[Site "Danzhou CHN"]
[Date "2012.06.05"]
[Round "7"]
[White "Zhao, Jun"]
[Black "Ding, Liren"]
[Result "0-1"]
[WhiteTitle "GM"]
[BlackTitle "GM"]
[WhiteElo "2577"]
[BlackElo "2679"]
[WhiteFideId "8602522"]
[BlackFideId "8603677"]
[EventDate "2012.05.29"]

1. d4 Nf6 2. Bg5 d5 3. Nf3 Ne4 4. Bh4 c5 5. dxc5 Nc6 6. Nbd2 Nxc5 7. c3 g6 8. b4
Ne6 9. e3 Bg7 10. Rc1 O-O 11. Be2 b6 12. O-O Bb7 13. Bg3 Qd7 14. Nb3 Rfd8 15.
Qd2 Qe8 16. Rfd1 Rac8 17. h3 h6 18. h4 h5 19. a4 Bf6 20. a5 Ng7 21. axb6 axb6
22. b5 Na7 23. Be5 Nxb5 24. Bxf6 exf6 25. Bxb5 Qxb5 26. Rb1 Ba6 27. Nbd4 Qc5 28.
Rb4 Ne8 29. Ra1 Bc4 30. Rab1 Rb8 31. Qb2 Nd6 32. Rxb6 Rxb6 33. Qxb6 Qxb6 34.
Rxb6 Ne4 35. Nc6 Ra8 36. Rb8+ Rxb8 37. Nxb8 Kf8 38. Nc6 Ke8 39. Nfd4 Kd7 40. Nb4
Nxc3 41. Nbc2 Kd6 42. Nf3 Ne4 43. Ncd4 Ba6 44. g3 Kc5 45. Kg2 Bc8 46. Ng1 Bd7
47. Nge2 g5 48. Ng1 Kc4 49. Ngf3 Kc3 50. Nh2 Kd2 51. Nhf3+ Kd1 52. Ng1 Bc8 53.
Ngf3 g4 54. Nh2 f5 55. Kg1 Nd6 56. Nc6 Ke2 57. Nd4+ Ke1 58. Nc2+ Kd2 59. Nd4 Ba6
60. Nf1+ Ke1 61. Nc2+ Kd1 62. Nd4 Bd3 63. Nh2 Ke1 64. Kg2 Ne4 65. f3 Nd6 66. Kg1
Nc4 67. Nc6 Nxe3 68. Ne5 Be2 69. fxg4 fxg4 70. Nxf7 d4 0-1

[Event "3rd Danzhou GM"]
[Site "Danzhou CHN"]
[Date "2012.06.05"]
[Round "7"]
[White "Zhou, Jianchao"]
[Black "Yu, Yangyi"]
[Result "1/2-1/2"]
[WhiteTitle "GM"]
[BlackTitle "GM"]
[WhiteElo "2609"]
[BlackElo "2626"]
[WhiteFideId "8603537"]
[BlackFideId "8603820"]
[EventDate "2012.05.29"]

1. c4 c5 2. g3 g6 3. Bg2 Bg7 4. Nf3 Nc6 5. O-O e6 6. Nc3 Nge7 7. d3 O-O 8. Bg5
h6 9. Bd2 d5 10. a3 b6 11. Rb1 a5 12. Qa4 d4 13. Nb5 Bd7 14. Qc2 e5 15. b4 Bg4
16. bxc5 bxc5 17. e3 g5 18. exd4 exd4 19. Bc1 Ra6 20. h3 Bf5 21. Nd2 Ne5 22. Ne4
Bxe4 23. dxe4 d3 24. Qa2 f5 25. exf5 Nxf5 26. Bb2 Kh8 27. Rbd1 Nd4 28. Bxd4 cxd4
29. c5 a4 30. Nd6 Rxd6 31. cxd6 Qxd6 32. Be4 Rc8 33. Rxd3 Nxd3 34. Bxd3 Rc3 35.
Re1 Qc6 36. Qf7 Rc1 37. Rxc1 Qxc1+ 38. Kh2 Qxa3 39. Qg6 Kg8 40. Qe6+ Kh8 41. Qf5
Kg8 42. Qh7+ Kf7 43. Bc4+ Kf6 44. Qg8 Qe7 45. Qd5 Bf8 46. Qxd4+ Qe5 47. Qd8+ Qe7
48. Qd4+ Qe5 49. Qd7 Qf5 50. Qf7+ Ke5 51. Qd5+ Kf6 52. Qd4+ 1/2-1/2

[Event "3rd Danzhou GM"]
[Site "Danzhou CHN"]
[Date "2012.06.06"]
[Round "8"]
[White "Wang, Yue"]
[Black "Yu, Yangyi"]
[Result "0-1"]
[WhiteTitle "GM"]
[BlackTitle "GM"]
[WhiteElo "2690"]
[BlackElo "2626"]
[WhiteFideId "8601429"]
[BlackFideId "8603820"]
[EventDate "2012.05.29"]

1. d4 Nf6 2. Nf3 d5 3. c4 e6 4. Bg5 h6 5. Bxf6 Qxf6 6. e3 g6 7. Nc3 c6 8. Be2
Bg7 9. O-O O-O 10. cxd5 cxd5 11. Rc1 Qe7 12. Na4 Rd8 13. Qc2 Nc6 14. Nc5 e5 15.
dxe5 Nxe5 16. Nd4 Bg4 17. Bxg4 Nxg4 18. Ncb3 Qe5 19. g3 Qh5 20. h4 Re8 21. Qe2
g5 22. Kg2 gxh4 23. Rh1 Bf6 24. Nf3 Rad8 25. Nbd4 Re4 26. Rxh4 Bxh4 27. Nxh4 Rd6
28. Rh1 Rf6 29. Nhf3 Qg6 30. b3 h5 31. Qb5 Rxd4 0-1

[Event "3rd Danzhou GM"]
[Site "Danzhou CHN"]
[Date "2012.06.06"]
[Round "8"]
[White "Ding, Liren"]
[Black "Zhou, Jianchao"]
[Result "1/2-1/2"]
[WhiteTitle "GM"]
[BlackTitle "GM"]
[WhiteElo "2679"]
[BlackElo "2609"]
[WhiteFideId "8603677"]
[BlackFideId "8603537"]
[EventDate "2012.05.29"]

1. d4 Nf6 2. c4 e6 3. Nf3 d5 4. Nc3 c6 5. Qb3 a5 6. e3 a4 7. Qc2 a3 8. Be2 axb2
9. Bxb2 Ba3 10. O-O Nbd7 11. Bxa3 Rxa3 12. Qb2 Qe7 13. Nd2 O-O 14. c5 Ra8 15. f4
Ne8 16. a4 f6 17. Nb3 e5 18. Rae1 b6 19. cxb6 Nxb6 20. Nc5 Nd7 21. Nxd7 Bxd7 22.
fxe5 fxe5 23. Rxf8+ Kxf8 24. Qb7 Rd8 25. Kh1 Nf6 26. Rf1 exd4 27. exd4 Be8 28.
Qb1 Qe3 29. Qb4+ Qe7 30. Qb6 Ra8 31. Ra1 Qe3 32. Qb4+ Qe7 33. Qxe7+ Kxe7 34. a5
Kd6 35. a6 c5 36. dxc5+ Kxc5 37. Rc1 Kb4 38. g4 g5 39. Nd1 Ne4 40. Kg2 Ba4 41.
Nf2 Nc5 42. Nd3+ Nxd3 43. Bxd3 Bb3 44. Rc7 Bc4 45. Bxc4 dxc4 46. a7 c3 47. Kf2
c2 48. Rxc2 Rxa7 49. Rc6 Ra2+ 50. Kg3 Ra3+ 51. Kg2 Ra2+ 52. Kg3 Ra3+ 53. Kg2
Ra2+ 1/2-1/2

[Event "3rd Danzhou GM"]
[Site "Danzhou CHN"]
[Date "2012.06.06"]
[Round "8"]
[White "Wen, Yang"]
[Black "Zhao, Jun"]
[Result "1/2-1/2"]
[WhiteTitle "GM"]
[BlackTitle "GM"]
[WhiteElo "2550"]
[BlackElo "2577"]
[WhiteFideId "8602956"]
[BlackFideId "8602522"]
[EventDate "2012.05.29"]

1. d4 Nf6 2. c4 g6 3. Nc3 Bg7 4. e4 d6 5. Be2 O-O 6. Nf3 e5 7. O-O Nc6 8. d5 Ne7
9. b4 Nh5 10. Re1 f5 11. Ng5 Nf6 12. Bf3 c6 13. b5 h6 14. Ne6 Bxe6 15. dxe6 fxe4
16. Nxe4 Nxe4 17. Bxe4 d5 18. cxd5 cxd5 19. Ba3 dxe4 20. Qxd8 Rfxd8 21. Bxe7 Re8
22. Bc5 Rxe6 23. Rxe4 a6 24. bxa6 Rexa6 25. a3 Bf8 26. Bxf8 Kxf8 27. Rxe5 Rxa3
28. Rxa3 Rxa3 29. h4 Rb3 30. h5 gxh5 31. Rxh5 Kg7 32. g4 b5 33. Kg2 Kg6 34. f3
Rb1 35. Kg3 b4 36. Rb5 b3 37. Kf4 b2 38. Rb6+ Kg7 39. Rb7+ Kf6 40. Rb6+ Kg7 41.
Rb7+ Kf6 42. Rb6+ Kg7 1/2-1/2

[Event "3rd Danzhou GM"]
[Site "Danzhou CHN"]
[Date "2012.06.06"]
[Round "8"]
[White "Ni, Hua"]
[Black "Hou, Yifan"]
[Result "1-0"]
[WhiteTitle "GM"]
[BlackTitle "GM"]
[WhiteElo "2673"]
[BlackElo "2623"]
[WhiteFideId "8601160"]
[BlackFideId "8602980"]
[EventDate "2012.05.29"]

1. e4 c5 2. Nf3 e6 3. d4 cxd4 4. Nxd4 Nf6 5. Nc3 d6 6. Be3 Be7 7. f4 O-O 8. Qf3
e5 9. Nf5 Bxf5 10. exf5 Nbd7 11. O-O-O Rc8 12. Bb5 Rxc3 13. bxc3 d5 14. Rxd5
Ba3+ 15. Kb1 Qa5 16. fxe5 Nxe5 17. Rxe5 Qxc3 18. Bc1 Qxe5 19. Bxa3 Ne4 20. Bb4
Qxb5 21. Qxe4 Re8 22. Qd4 a5 23. a4 Qxb4+ 24. Qxb4 axb4 25. Rd1 g6 26. f6 h5 27.
Kb2 Re6 28. Rd8+ Kh7 29. Rd7 b6 30. Rxf7+ Kh6 31. Rf8 Kh7 32. h4 Rc6 33. Kb3
Rc3+ 34. Kxb4 Rxc2 35. Rb8 Rf2 36. Rxb6 Rxg2 37. a5 g5 38. f7 Kg7 39. Rf6 Kf8
40. hxg5 Rxg5 41. a6 Rg1 42. a7 Ra1 43. Rh6 1-0

[Event "3rd Danzhou GM"]
[Site "Danzhou CHN"]
[Date "2012.06.06"]
[Round "8"]
[White "Zhou, Weiqi"]
[Black "Bu, Xiangzhi"]
[Result "1/2-1/2"]
[WhiteTitle "GM"]
[BlackTitle "GM"]
[WhiteElo "2624"]
[BlackElo "2656"]
[WhiteFideId "8601674"]
[BlackFideId "8601445"]
[EventDate "2012.05.29"]

1. c4 Nf6 2. Nc3 c6 3. d4 d5 4. Nf3 dxc4 5. a4 Bf5 6. Ne5 Nbd7 7. Nxc4 Nb6 8.
Ne3 Bg6 9. a5 Nbd5 10. Nexd5 Nxd5 11. Qb3 e6 12. e4 Nxc3 13. bxc3 Bxe4 14. f3
Bd5 15. c4 Bxf3 16. gxf3 Qxd4 17. Bb2 Qf4 18. Qxb7 Qh4+ 19. Ke2 Qxc4+ 20. Kf2
Qh4+ 21. Kg2 Qg5+ 22. Kh3 Qh5+ 23. Kg2 Qg5+ 24. Kh3 Qf5+ 25. Kg2 Qg5+ 26. Kh3
Qf5+ 27. Kg2 1/2-1/2

[Event "3rd Danzhou GM"]
[Site "Danzhou CHN"]
[Date "2012.06.07"]
[Round "9"]
[White "Zhou, Jianchao"]
[Black "Wen, Yang"]
[Result "1/2-1/2"]
[WhiteTitle "GM"]
[BlackTitle "GM"]
[WhiteElo "2609"]
[BlackElo "2550"]
[WhiteFideId "8603537"]
[BlackFideId "8602956"]
[EventDate "2012.05.29"]

1. d4 Nf6 2. c4 g6 3. Nc3 Bg7 4. e4 d6 5. f3 O-O 6. Be3 c5 7. Nge2 Qa5 8. Nc1
cxd4 9. Nb3 Qh5 10. Nxd4 Nc6 11. Qd2 Nxd4 12. Bxd4 Be6 13. g4 Qa5 14. h4 Rfc8
15. b3 h5 16. g5 Ne8 17. Bxg7 Nxg7 18. Nd5 Qd8 19. a4 Bxd5 20. cxd5 Qb6 21. Bc4
Rf8 22. a5 Qc5 23. Be2 Rac8 24. b4 Qc2 25. Bd3 Qb3 26. Ke2 e6 27. Rhb1 Qc3 28.
Qxc3 Rxc3 29. Rc1 Rfc8 30. Rxc3 Rxc3 31. Kd2 Rc8 32. b5 exd5 33. exd5 Rc5 34. b6
axb6 35. axb6 Rxd5 36. Ra7 Ne6 37. Kc3 Kg7 38. Be4 Rc5+ 39. Kd2 Rb5 40. Bxb7
Rxb6 41. Bd5 Kf8 42. Ra8+ Kg7 43. Ra7 Kf8 44. Ra8+ Kg7 45. Ra7 1/2-1/2

[Event "3rd Danzhou GM"]
[Site "Danzhou CHN"]
[Date "2012.06.07"]
[Round "9"]
[White "Zhao, Jun"]
[Black "Ni, Hua"]
[Result "1/2-1/2"]
[WhiteTitle "GM"]
[BlackTitle "GM"]
[WhiteElo "2577"]
[BlackElo "2673"]
[WhiteFideId "8602522"]
[BlackFideId "8601160"]
[EventDate "2012.05.29"]

1. d4 d5 2. c4 c6 3. Nf3 Nf6 4. Nc3 dxc4 5. a4 Bf5 6. e3 e6 7. Bxc4 Bb4 8. O-O
O-O 9. Qe2 Nbd7 10. e4 Bg6 11. Bd3 Bh5 12. e5 Nd5 13. Nxd5 cxd5 14. Qe3 Be7 15.
Ng5 Bxg5 16. Qxg5 Bg6 17. Be2 Qxg5 18. Bxg5 Nb8 19. Bd2 Nc6 20. Bc3 a5 21. h4
Rfc8 22. Ra3 Nb4 23. Bb5 Bc2 24. Bd2 Nc6 25. Bc3 Nb4 26. Bd2 Nc6 27. Bc3 Nb4 1/2-1/2